Tu é que és o Pai Natal? (Registo nº 2012)

Detalhes MARC
000 -Etiqueta do registo
Cabeçalho 00939nam a22003011 4500
005 - Identificador da versão
Campo de controlo 20240827112013.0
010 ## - Número internacional normalizado dos livros (ISBN)
Número (ISBN) 9724144526
021 ## - Número do Depósito Legal
Código do país PT
Número 231111/05
100 ## - Dados gerais de processamento
Dados gerais de processamento 20070627d2005 bc y0pory5003 ba
101 1# - Língua de publicação
Língua do texto, banda sonora, etc. Português
Língua do documento no original Alemão
102 ## - Pais de publicação ou produção
País de publicação Portugal
105 ## - Campo de dados codificados: livros
Dados codificados dos livros a z 000fy
106 ## - Campo de dados codificados: material textual
Dados codificados do material textual r
200 1# - Titulo e menção de responsabilidade
Título próprio Tu é que és o Pai Natal?
Primeira menção de responsabilidade texto de Norbert Landa
Outras menções de responsabilidade il. Marlis Scharff-Kniemeyer
-- trad. e adapt. Helena Silva, Inês Mendes Moreira
205 ## - Menção da edição
Menção da edição 1ª ed.
210 ## - Publicação, Distribuição, etc. 
Lugar da edição, distribuição, etc. Porto
Nome do editor, distribuidor, etc. Asa
Data da publicação, distribuição, etc. 2005
215 ## - Descrição física 
Indicação específica da natureza do documento e extensão da espécie [31] p.
Outras indicações físicas todo il.
Dimensões 30 cm
225 2# - Colecção 
Título próprio da colecção O ursinho Simão
304 ## - Notas relativas a título e menção de responsabilidade 
Texto da nota Tít. orig.: Bist du der Weihnachtsmann?
606 ## - Nome comum usado como assunto
Número de registo de entrada de autoridade 0000001
Palavra de ordem Literatura estrangeira infantil
Subdivisão de assunto Conto
675 ## - Classificação Decimal Universal (CDU)
Notação 82-34
Edição
Língua da edição por
700 #1 - Nome de autor-pessoa física (responsabilidade principal)
Número de registo de entrada de autoridade 0000703
Palavra de ordem Landa
Outra parte do nome não tomada para palavra de ordem Norbert
701 #1 - Nome de autor-pessoa física (co-responsabilidade principal)
Palavra de ordem Scharff-Kniemeyer
Outra parte do nome não tomada para palavra de ordem Marlis
Código de função Ilustrador / Técnico de desenho computorizado
702 #1 - Nome de autor-pessoa física (responsabilidade secundária)
Número de registo de entrada de autoridade 0000705
Palavra de ordem Silva
Outra parte do nome não tomada para palavra de ordem Helena
Código de função Tradutor
Número de registo de entrada de autoridade 0000706
Palavra de ordem Moreira
Outra parte do nome não tomada para palavra de ordem Inês Mendes
Código de função Tradutor
942 ## - Elementos de entrada adicionados (Koha)
Tipo de item no Koha Livro
Exemplares
Situação do levantamento Origin of item (home branch) (coded) Biblioteca de empréstimo Código de barras Cota Circulation type (not for loan) Tipo de documento Nota do exemplar Damaged status
  Biblioteca Escolar da Coca Maravilhas Biblioteca Escolar da Coca Maravilhas BECM7787/07 8EST LAN   Livro Sem mensagem  
  Biblioteca Escolar da Coca Maravilhas Biblioteca Escolar da Coca Maravilhas BECM8154/07 8EST LAN   Livro Sem mensagem